Capitals by Flags: Asia - Statistics

General Stats
  • This quiz has been taken 48 times
  • The average score is 34 of 48
Answer Stats
Picture Answer % Correct
Abu Dhabi
89%
New Delhi
89%
Seoul
89%
Taipei
89%
Ankara
84%
Astana
84%
Beijing
84%
Hanoi
84%
Jakarta
84%
Jerusalem
84%
Pyongyang
84%
Riyadh
84%
Tokyo
84%
Baghdad
79%
Baku
79%
Bangkok
79%
Doha
79%
Kuwait City
79%
Male
79%
Manila
79%
Nicosia
79%
Singapore
79%
Beirut
74%
Damascus
74%
Islamabad
74%
Kabul
74%
Kuala Lumpur
74%
Muscat
74%
Dhaka
68%
Dili
68%
Kathmandu
68%
Manama
68%
Naypyidaw
68%
Tehran
68%
Yerevan
68%
Amman
63%
Ashgabat
63%
Bishkek
63%
Phnom Penh
63%
Sana'a
63%
Tashkent
58%
Thimphu
58%
Ulaanbaatar
58%
Vientiane
58%
Dushanbe
53%
Bandar Seri Begawan
47%
Sri Jayawardenepura Kotte
32%
Tbilisis
0%
No matching quizzes found
Score Distribution
Percent of People with Each Score
Percentile by Number Answered
Your Score History
You have not taken this quiz